00758nam a2200217Ia 450000500170000000800410001702000150005804000180007304100080009110000350009924500860013426000500022030000180027049000190028860000610030760000560036860000490042465000150047370000270048876500250051520211111074631.0130821s2006 ck gr spa  a9587095388 aCo-BoUCMbspa00aspa1 aKapuscinski, Ryzardd1932-200710aViajes con HeródotocRyzard Kapuscinski; traducción del polaco Agata Orzeszek aBogotá (Colombia)bEditorial Anagramac2006 a308 páginas aCrónicasv77 aKapuscinski, Ryszardd1932-2007vColecciones de escritos aKapuscinski, Ryszardd1932-2007vRelatos personales aKapuscinski, Ryszardd1932-2007xItinerarios04aPeriodismo1 aOrzeszek, Agataetrad. aPodrózez Herodotom